000 00536ntaaa2200205 4500
003 01
005 20251027201238.0
008 0714s1973 ag 01
020 _a8472282279
040 _aAR-BaBN
_bspa
_cAR-BaBN
_eaacr
_dRIC
082 _a301.42 Or7q
100 _aOrr, William W.
_99586
245 _aLo que toda esposa cristiana debe saber /
_cWilliam W. Orr
250 _a1 ed.
260 _aTerrassa :
_bClie,
_c1987
300 _a76 p. ;
_c17,5 cm.
500 _a(Respuestas)
650 _aFamilia Cristiana
_92450
942 _cBK
999 _c6784
_d6784